Central Library OPAC University of Rajshahi

Classified models of speech composition : (Record no. 21554)

MARC details
000 -LEADER
fixed length control field 00688cam a2200229u 4500
001 - CONTROL NUMBER
control field 21554
003 - CONTROL NUMBER IDENTIFIER
rucl marc code BD-RjUL
005 - DATE AND TIME OF LATEST TRANSACTION
control field 20211209000712.0
008 - FIXED-LENGTH DATA ELEMENTS--GENERAL INFORMATION
fixed length control field 140304s1921 nyu 000 0 eng
035 ## - SYSTEM CONTROL NUMBER
System control number (BD-RjUL)21618
040 ## - CATALOGING SOURCE
Original cataloging agency DLC
Transcribing agency CarP
Modifying agency BD-RjUL
Language of cataloging eng
041 ## - LANGUAGE CODE
Language code of text/sound track or separate title eng
082 00 - DEWEY DECIMAL CLASSIFICATION NUMBER
Classification number 815.508
Author mark and year CLA 1921
245 10 - TITLE STATEMENT
Title Classified models of speech composition :
Remainder of title ninety-five complete speeches /
Statement of responsibility, etc. James Milton O'Neill.
260 ## - PUBLICATION, DISTRIBUTION, ETC. (IMPRINT)
Place of publication, distribution, etc. New York :
Name of publisher, distributor, etc. The Century co.,
Date of publication, distribution, etc. c1921.
300 ## - PHYSICAL DESCRIPTION
Pagination xviii, 849 p. ;
Size 23 cm.
650 #0 - SUBJECT ADDED ENTRY--TOPICAL TERM
Topical term or geographic name as entry element Speeches, addresses, etc.
9 (RLIN) 15724
700 1# - ADDED ENTRY--PERSONAL NAME
Personal name O'Neill, James Milton,
Dates associated with a name 1881-
942 ## - ADDED ENTRY ELEMENTS (KOHA)
Source of classification or shelving scheme Dewey Decimal Classification
Koha item type Books
Holdings
Lost status Source of classification or shelving scheme Damaged status Not for loan Collection code Permanent Location Current Location Shelving location Date acquired Source of acquisition Total Checkouts Full call number Date last seen Copy number Koha item type
  Dewey Decimal Classification   Added to bundle Non-fiction Central Library, University of Rajshahi Central Library, University of Rajshahi Reading Room 23/07/1962 Asia Foundation   815.508 CLA 1921 04/03/2014 C-1 Books